书目信息 |
| 题名: |
非洲翻译
|
|
| 作者: | 马会娟 , 李庆学 编著 | |
| 分册: | ||
| 出版信息: | 北京 中译出版社 2025.01 |
|
| 页数: | 242页 | |
| 开本: | 23cm | |
| 丛书名: | 当代东方翻译理论学术著作译丛 | |
| 单 册: | ||
| 中图分类: | H059 | |
| 科图分类: | ||
| 主题词: | 翻译学--研究--非洲 | |
| 电子资源: | ||
| ISBN: | 978-7-5001-8137-8 | |
| 000 | 01330oam2 2200337 450 | |
| 001 | 01213941 | |
| 005 | 20250924205031.16 | |
| 010 | @a978-7-5001-8137-8@dCNY59.00 | |
| 100 | @a20250407d2025 em y0chiy0120 ea | |
| 101 | 0 | @achi |
| 102 | @aCN@b110000 | |
| 105 | @ak az 000yy | |
| 106 | @ar | |
| 200 | 1 | @a非洲翻译@9fei zhou fan yi@f马会娟,李庆学编著 |
| 210 | @a北京@c中译出版社@d2025.01 | |
| 215 | @a242页@d23cm | |
| 225 | 2 | @a当代东方翻译理论学术著作译丛 |
| 300 | @a北京外国语大学“双一流”建设项目成果 | |
| 312 | @a封面题英文并列题名:Translating Africa | |
| 314 | @a马会娟,北京外国语大学二级教授、博士生导师、中国翻译协会跨文化交流研究委员会副会长。 | |
| 314 | @a李庆学,山东科技大学外国语学院教授、副院长。现任中国能源外语联盟常务理事、山东省外国文学学会理事。 | |
| 320 | @a有书目 | |
| 330 | @a本书旨在探讨非洲各地翻译实践及其历史背景,分析文化交流与对话。涵盖坦桑尼亚文学、西非戏剧文化及南非儿童文学等主题,融合学者最新研究成果,探讨翻译在非洲文学发展、文化传播中的重要性,为跨文化交流提供参考和启示。 | |
| 461 | 0 | @12001 @a当代东方翻译理论学术著作译丛 |
| 510 | 1 | @aTranslating Africa@zeng |
| 606 | 0 | @a翻译学@x研究@y非洲 |
| 690 | @aH059@v5 | |
| 701 | 0 | @a马会娟@9ma hui juan@4编著 |
| 701 | 0 | @a李庆学@9li qing xue@4编著 |
| 801 | 0 | @aCN@c20250910 |
| 905 | @a河南城建学院图书馆@dH059@eM063@ZM063@f1 | |
| 非洲翻译/马会娟,李庆学编著.-北京:中译出版社,2025.01 |
| 242页;23cm.-(当代东方翻译理论学术著作译丛) |
| 北京外国语大学“双一流”建设项目成果 |
| ISBN 978-7-5001-8137-8:CNY59.00 |
| 本书旨在探讨非洲各地翻译实践及其历史背景,分析文化交流与对话。涵盖坦桑尼亚文学、西非戏剧文化及南非儿童文学等主题,融合学者最新研究成果,探讨翻译在非洲文学发展、文化传播中的重要性,为跨文化交流提供参考和启示。 |
| ● |
| 相关链接 |
|
|
|
正题名:非洲翻译
索取号:H059/M063
 
预约/预借
| 序号 | 登录号 | 条形码 | 馆藏地/架位号 | 状态 | 备注 |
| 1 | 1633488 | 216334884 | 语言库209/209语言库 67排3列4层/ [索取号:H059/M063] | 在馆 |